书目信息 |
| 题名: |
中国国民革命军的北伐
|
|
| 作者: | 切列潘诺夫 , Черепанов 著 ;中国社会科学院近代史研究所翻译室 译 | |
| 分册: | ||
| 出版信息: | 北京 中国社会科学出版社 1981 |
|
| 页数: | 656页 | |
| 开本: | 19cm | |
| 丛书名: | ||
| 单 册: | ||
| 中图分类: | K262.340.66 , K262 | |
| 科图分类: | ||
| 主题词: | 第一次国内革命战争--史料 | |
| 电子资源: | ||
| ISBN: | ||
| 000 | 01090nam0 2200277 450 | |
| 001 | 1558083635 | |
| 005 | 20170928100826.54 | |
| 010 | @dCNY1.95 | |
| 091 | @a11190.057 | |
| 100 | @a19950613d1981 em y0chiy0110 ea | |
| 101 | 1 | @achi@crus |
| 102 | @aCN@b110000 | |
| 105 | @af z 000yd | |
| 200 | 1 | @a中国国民革命军的北伐@9zhong guo guo min ge ming jun de bei fa@e一个驻华军事顾问的札记@f(苏)切列潘诺夫(А.И.Черепанов)著@g中国社会科学院近代史研究所翻译室译 |
| 210 | @a北京@c中国社会科学出版社@d1981 | |
| 215 | @a656页@c图@d19cm | |
| 300 | @a书名原文:Записки военного советника в Китае | |
| 510 | 1 | @aЗаписки военного советника в Китае@zrus |
| 606 | 0 | @a第一次国内革命战争@x史料 |
| 690 | @aK262.340.66@v5 | |
| 690 | @aK262@v4 | |
| 701 | 1 | @a切列潘诺夫@9qie lie pan nuo fu@bА.И.@4著 |
| 701 | 1 | @aЧерепанов@bА.И.@4著 |
| 712 | 02 | @a中国社会科学院近代史研究所翻译室@9zhong guo she hui ke xue yuan jin dai shi yan jiu suo fan yi shi@4译 |
| 801 | 0 | @aCN@bTSSF@c20150121 |
| 905 | @aZUCC@dK262@eJY41 | |
| 中国国民革命军的北伐:一个驻华军事顾问的札记/(苏)切列潘诺夫(А.И.Черепанов)著/中国社会科学院近代史研究所翻译室译.-北京:中国社会科学出版社,1981 |
| 656页:图;19cm |
| 书名原文:Записки военного советника в Китае |
| ISBN :CNY1.95 |
| ● |
| 相关链接 |
|
|
|
|
正题名:中国国民革命军的北伐
索取号:K262/JY41
 
预约/预借
| 序号 | 登录号 | 条形码 | 馆藏地/架位号 | 状态 | 备注 |
| 1 | 7841103 | 278411032 | 学院路分馆/ [索取号:K262/JY41] | 在馆 |